00000000nam 2200000za 4500
0019.574706
003CaOODSP
00520250814105735
007cr |||||||||||
008150406|1997||||xxc|||||o    f|0| 0 eng d
022 |a1205-9153
040 |aCaOODSP|beng
043 |an-cn---
0861 |aCS11-0019/92E-PDF
1001 |aBaldwin, John R. |q(John Russel)
24500|aTechnology-induced wage premia in Canadian manufacturing plants during the 1980s / |h[electronic resource]|cby John R. Baldwin, Tara Gray and Joanne Johnson.
260 |aOttawa - Ontario : |bStatistics Canada |cJanuary 9, 1997.
300 |a36p.|bgraphs, tables
4901 |aAnalytical Studies Branch research paper series|x1205-9153|vNo. 92
500 |aThe catalogue number (11F0019MPE), ISBN (0-660-16727-1) and ISSN (1200-5223) for the print edition have been incorrectly copied in this electronic publication.
504 |aBibliography.
590 |a12-34-Supp|b2012-07-31
7102 |aStatistics Canada.
77508|tAvantages salariaux d'origine technologique dans les établissements canadiens de fabrication pendant les années 1980 / |w(CaOODSP)9.604441
830#0|aResearch paper series (Statistics Canada. Analytical Studies Branch)|x1205-9153|vNo. 92|w(CaOODSP)9.504421
85640|ahttp://publications.gc.ca|qPDF|s139 KB|uhttps://publications.gc.ca/collections/Collection/CS11-0019-92E.pdf|yNo. 92